Catálogo
 En Linea

Vigencia de Lenin en la era de Gorbachov : (Registro nro. 49189)

Detalles MARC
000 -CABECERA
campo de control de longitud fija 00585nam a22001817a 4500
003 - IDENTIFICADOR DEL NÚMERO DE CONTROL
campo de control OSt
005 - FECHA Y HORA DE LA ÚLTIMA TRANSACCIÓN
campo de control 20201124075132.0
008 - DATOS DE LONGITUD FIJA--INFORMACIÓN GENERAL
campo de control de longitud fija 130909s1987 dr ac 001 0 spa d
040 ## - FUENTE DE LA CATALOGACIÓN
Centro catalogador/agencia de origen DO-SdBNP
Lengua de catalogación spa
Centro/agencia transcriptor BNPHU
082 ## - NÚMERO DE LA CLASIFICACIÓN DECIMAL DEWEY
Número de clasificación xxxx
Número de documento/Ítem xxxx
100 1# - ENTRADA PRINCIPAL--NOMBRE DE PERSONA
Nombre de persona Miranda M., Pedro N.
9 (RLIN) 56903
245 10 - MENCIÓN DE TÍTULO
Título Vigencia de Lenin en la era de Gorbachov :
Resto del título el testamento que exploto 70 años después /
Mención de responsabilidad, etc. Pedro N. Miranda M.
260 ## - PUBLICACIÓN, DISTRIBUCIÓN, ETC.
Lugar de publicación, distribución, etc. Caracas, Venezuela:
Nombre del editor, distribuidor, etc. Ediciones Sextante;
Fecha de publicación, distribución, etc. 1987.
300 ## - DESCRIPCIÓN FÍSICA
Extensión 171 p. ;
Otras características físicas il., rest.
Dimensiones 20 cm.
590 ## - NOTA LOCAL (RLIN)
Nota local Inventariado,2020/ YL
910 ## - DATOS DE OPCIÓN DEL USUARIO (OCLC)
Datos de opción del usuario YLockward
942 ## - ELEMENTOS DE PUNTO DE ACCESO ADICIONAL (KOHA)
Fuente del sistema de clasificación o colocación Dewey Decimal Classification
Tipo de ítem Koha Libro
Existencias
Estado de retiro Estado de pérdida Fuente del sistema de clasificación o colocación Restricciones de uso No para préstamo Localización permanente Ubicación/localización actual Ubicación en estantería Fecha de adquisición Fuente de adquisición Total de préstamos Signatura topográfica completa Código de barras Fecha visto por última vez Precio válido a partir de Tipo de ítem Koha
    Dewey Decimal Classification Excluido de préstamo Excluido de préstamo Biblioteca Nacional Pedro Henríquez Ureña Biblioteca Nacional Pedro Henríquez Ureña En catalogación 24.11.2014 Chiqui Vicioso / Fidelio D.   xxxx xxxx 2020-0572 24.11.2020 24.11.2020 Libro

Con tecnología Koha